000 00871nam a2200253Ia 4500
003 OSt
005 20220923212134.0
006 a|||||r|||| 00| 0
007 ta
008 220922b |||||||| |||| 00| 0 hin d
024 _a151,077
037 _cTextual
040 _aARTS
_cARTS
_bhin
041 _2hin
_ahin
082 _aO152:gN6, L7
100 _aजैन, निर्मला, संपा.
245 0 _aनयी समीक्षा के प्रतिमान
246 _aNayī samīkṣhā ke pratimāna
260 _aनयी दिल्ली
_b नेशनल पब्लिशिंग हाउस
_c1977
300 _a160पृ.
_ccm.
650 _aहिन्दी साहित्य
_9156264
942 _hO152:gN6, L7
_cTEXL
_2CC
999 _c306750
_d306750